000 00535nam a22001697a 4500
003 OSt
005 20120302150527.0
008 090711t xxu||||| |||| 00| 0 eng d
035 _a६१२१
040 _cमराठी
100 _aमहाजन, सुलक्षणा
_97425
245 _aअर्थसृष्टी: भाव आणि स्वभाव
250 _a१ ली
260 _aमुंबई
_bग्रंथाली
_c२००४
300 _b२१६ पाने
942 _2ddc
_cBOOK
999 _c492355
_d492352